Т. 28, № 12; Физика низких температур

Xehetasun bibliografikoak
Parent link:Физика низких температур: научный журнал/ Национальная академия наук Украины (НАНУ) ; Физико-технический институт низких температур им. Б. И. Веркина (ФТИНТ). Т. 28, № 12.— , 1975-.— 0132-6414
Hizkuntza:errusiera
Argitaratua: 2002
Formatua: Liburua
KOHA link:https://koha.lib.tpu.ru/cgi-bin/koha/opac-detail.pl?biblionumber=384485

MARC

LEADER 00000nam2a2200000 4500
001 384485
005 20231101063243.0
035 |a (RuTPU)RU\TPU\prd\11151 
090 |a 384485 
100 |a 20030303a19759999k y0rusy50 ca 
101 0 |a rus 
102 |a RU 
200 0 |a Т. 28, № 12 
210 |d 2002 
461 1 |0 (RuTPU)RU\TPU\prd\407  |x 0132-6414  |t Физика низких температур  |o научный журнал  |f Национальная академия наук Украины (НАНУ) ; Физико-технический институт низких температур им. Б. И. Веркина (ФТИНТ)  |v Т. 28, № 12  |d 1975- 
801 0 |a RU  |b 63413507  |c 20010227  |g PSBO 
801 1 |a RU  |b 63413507  |c 20030303  |g PSBO 
801 2 |a RU  |b 63413507  |c 20121018  |g RCR 
942 |c BK 
999 |a НТБ_ТПУ  |b НФ  |e -1/20030113  |p П-8456  |s 3/20020412  |u 0,00  |v 1